000 00698nam a2200241Ia 4500
003 OSt
005 20220926030415.0
006 a|||||r|||| 00| 0
007 ta
008 220923b |||||||| |||| 00| 0 eng d
037 _cGeneral Book
040 _aRTL
_cRTL
_beng
041 _2eng
_aeng
082 _aS:431, K1
100 _aBirney Robert C
_985466
245 0 _aReinforcement , an enduringng problem in psychology
260 _aPrinceton
_bN J Van Nostrand
_c1961
300 _aviii, 230p
_ccm.
650 _aPsychology
700 _a Teevan Richard Ed.
_9334236
942 _hS:431, K1
_cGB
_2CC
999 _c649649
_d649649